MDQL
is popping MORE tags! Check the
thread
!
Quizzes
Events
Quiz Creation
Community
Videos
Private Events
Remove Ads
Sign In
Join for FREE
Feedback
Dark Mode
Quiz Categories
Sports
Geography
Music
Movies
Television
Just For Fun
Miscellaneous
History
Literature
Language
Science
Gaming
Entertainment
Religion
Holiday
For Kids
Quiz Lab
Recent
Popular Today
Quiz Kudos Today
Editor Picks
Curator Picks
Quizzes by...
Day
Popularity
Type
Ratings
Length
Year
Community
Subscriptions
Recent Discussions
Orange Saloon
Badges
Playlists
Quests
Create
Leaderboards
Showdown
Live 5
Trivia Bingo
Activity
Puzzle Library
Sporcle Events
Private Events
Virtual Trivia
Globe League
Become a Host
Pub Owners
SporcleCon
Opinionation
Our Games
Videos
Blog
Mobile Apps
Partnerships
Remove Ads and Go Orange
Feedback
Geography
Country
Landmarks
City
State
Population
World
Capital
Continent
Flags
Europe
Africa
Asia
South America
North America
Oceania
Border
Canada
United Kingdom
Topography
United States
Geography
Country
Landmarks
City
State
Population
World
Capital
Continent
Flags
Europe
Africa
Asia
South America
North America
Oceania
Border
Canada
United Kingdom
Topography
United States
Random Quiz
Search Sporcle
×
Quiz Lab
Quiz Lab
Geography
City
Type in answers that appear in a list
Type in answers that appear in a list
Classic
Best Score? Go Orange.
City Quiz Factfile:Rome Stats
Can you asnwer the questions about Rome?
By
gollumonfire
10m
35 Questions
38 Plays
38 Plays
38 Plays
Comments
Comments
Give Quiz Kudos
Give Quiz Kudos
-
- Ratings
hide this ad
Replay
Link that replays current quiz
Next Quiz
Link to next quiz in quiz playlist
You Got
0%
They Got
Avg Score
67%
Avg Friend Score
Upgrade to see
Score Distribution
Jump to the score distribution portion of the page
Score
0/35
Timer
10:00
0
Plays Today
Hint
Answer
% Correct
Italian Name
Roma
100%
Main Soccer Team
AS Roma
100%
Country
Italy
97.4%
Number of Fountains in Rome
Over 2000
97.4%
Flag colours
Red
92.1%
Bordering Country
Vatican City
92.1%
First settlers
Romans
92.1%
Main Businness Centre for the romans
Roman Forum
92.1%
Foundation brothers
Romulus and Remus
89.5%
Anphitheatre used for Gladiator fights
Colosseum
89.5%
Time Zone
UTC+1
86.8%
Square and steps named after another country
Spanish Steps and Piazza di Spagna
86.8%
River
Tiber
84.2%
Flag colours
Yellow
81.6%
Square where the Pope is
St Peter's square
81.6%
Basilica where the Pope is
St Peter's Basilica
81.6%
Largest Baroque Fountain in the World
Trevi Fountain
78.9%
Famous Chapel that Micheangelo disegned
Sistine Chapel
78.9%
Hint
Answer
% Correct
Region
Lazio
76.3%
Demonymn
Roman or Romano
76.3%
Main Soccer Team
Lazio
76.3%
Year of Hosted the Olympics
1960
65.8%
Nickname
The Eternal City
63.2%
Monument named after a Italian Leader
Monument of Vittorio Emmanuele II
60.5%
Population
2,869,461
57.9%
Metro Area Population
4,321,244
50%
Famous Temple
Pantheon
50%
Largest Stadium
Stadio Olimpico
50%
Closest Sea
Tyrrhenian Sea
34.2%
Year of Foundation
753 BC
31.6%
Political Building(where the president stays)
Quirinale
28.9%
Most famous castle
Castel Sant'Angelo
23.7%
Mayor
Ignazio Marino
15.8%
Number of Churches/
basilicas and cathedrals in Rome
900
5.3%
Tallest Building
Eurosky Tower
2.6%
Quiz Playlist
Details
Report
Send in Message
Add To Playlist
Classic:
Type in answers that appear in a list
Last Updated: Feb 16, 2017
Quiz Scoreboard
CHALLENGE
Sign Up to Join the Scoreboard
Show All
Scores
Hide
Comments
May contain spoilers
Recently Published
Colored Red Africa Blitz
by spor1
Geography
30s
Find the 'City' Movie
by crazypaving
Movies
60s
5x2 Blitz: Bands
by SL_Kpop136
Music
30s
More to Explore
Quiz From the Vault
Featured Blog Post
14 Easter Pick-up Lines to Find Eggs With
hide this ad
You Might Also Like...
Tags
City Quiz
factfile
rome
Today's Top Quizzes in Geography
Browse Geography
hide this ad
Today's Top Quizzes in City
Browse City
Top Contributed Quizzes in Geography
1
Countries of the World - No Outlines Minefield
2
Colored Red Africa Blitz II
3
Colored Red Europe Blitz I
4
Colored Red Europe Blitz II
5
Colored Red Africa Blitz III
6
Colored Red Europe Blitz III
7
Colored Red States Blitz II
8
Country Trivia Logic Puzzle II
9
Colored Red States Blitz I
10
List All 50 US States
Explore More
Trending Topics
Harry Potter
Crossword
Disney
Anime
NBA
Marvel
Kpop
Soccer
Song
Pokémon
WWE
Puzzle
NFL
Country
The Office
hide this ad
More By:
gollumonfire
Quiz
Plays
Rating
Category
Featured
Created
2015-16 NBA rookies by face
2,930
4.90
Sports
Nov 8, 2015
English-Italian Food Translation
2,882
4.50
Language
Apr 27, 2015
True or False:Dubai
1,432
2.67
Geography
Jun 13, 2015
Best 2015-2016 NBA Duos per team
1,326
2.57
Sports
Nov 6, 2015
Stereotypes-country
860
2.93
Geography
Nov 14, 2015
Go to Creator's Profile
Score Distribution
Quiz Creator Spotlight
gollumonfire
Follow
Send a Message
Quizzes Created
-
Created Quiz Play Count
-
More By This Creator
Popular Quizzes Today
1
5x2 Blitz: Bands
2
Find the 'City' Movie
3
Find the US States - No Outlines Minefield
4
Colored Red Africa Blitz
5
The Countries of the World
6
Find the US States
7
9x9 Crossword: Cartoon Network
8
Risky Map Clicking: Biggest States A-Z
More Geography Quizzes
UK Populous Metros
Published
Trending Quizzes
Colored Red Africa Blitz II
Colored Red Europe Blitz I
Find the 'Dark' Movie
Find the 'Day' Movie
Find the 'Good' Movie
Recently Updated
Champions League XIs: Real Madrid
pecheneg
Largest US Cities 1790-2010
pecheneg
Rides in Walt Disney World
pecheneg
Most Oscar Losses (Acting)
pecheneg
Beyoncé Albums
pecheneg
Leaping Animals
pecheneg
Reality TV Shows (A-Z)
bhenderson79
Rickey Henderson's Hall of Fame Teammates
pecheneg
Champions League XIs: Arsenal
pecheneg
Quick Pick: Celebrities in WWE's Hall of Fame
aduchscher
Trending Topics
Anime
Kpop
Marvel
NBA
Disney
Crossword
Harry Potter
The Office
Puzzle
Pokémon
NFL
Song
Soccer
WWE
Country
Your Account Isn't Verified!
In order to create a playlist on Sporcle, you need to verify the email address you used during registration. Go to your
Sporcle Settings
to finish the process.
Report this User
Report this user for behavior that violates our
Community Guidelines
.
Details:
Send Report
Go to the Sporcle.com Mobile Site →
Comments